01848cam a2200361 i 450000100090000000300090000900500170001800800410003502000380007604000420011408200200015624500880017626400610026426400100032530000440033533600260037933700280040533800270043350400510046050504420051165000380095365000380099165000680102965000410109765100460113865300200118465500240120470000350122890600450126394200120130899900170132095201490133718772548EG-ScBUE20211111090626.0150904t2016 dcua f b 001 0 eng d a9780815728153 (pbk. : alk. paper) aIEN/DLCbengerdacIENdDLCdEG-ScBUE04a338.96bMAD22200aMade in Africa :blearning to compete in industry /cCarol Newman [and five others] 1aWashington, D.C. :bBrookings Institution Press,c[2016] 4cc2016 axv, 268 pages :billustrations ;c23 cm atext2rdacontentbtxt aunmediated2rdamediabn avolume2rdacarrierbnc aIncludes bibliographical references and index.0 aWhy industry matters for Africa -- Why industry matters for Africa -- Realities and opportunities -- Industrialization efforts and outcomes -- Can Africa break in? -- Learning to compete -- Productivity, exports and competition -- Firm capabilities -- Industrial clusters -- How Africa can industrialize -- A strategy for industrial development -- Dealing with resource abundance -- An agenda for aid -- Afterword: leopards and laggards. 7aIndustrializationzAfrica.2BUEsh 7aIndustrial policyzAfrica.2BUEsh 7aEconomic developmentzAfricaxInternational cooperation.2BUEsh 7aInvestments, ForeignzAfrica.2BUEsh 7aAfricaxEconomic conditionsy1960-2BUEsh bBUSECOcMay2021 vReading book9342321 aNewman, Carol,d1977-eauthor. a7bcbccorignewd1eecipf20gy-gencatlg 2ddccBB c29119d29090 00102ddc40708Donation-GaMAINbMAINc1STd2021-05-19eDonationl1m1o338.96 MADp000050247r2025-07-15 00:00:00s2021-11-11w2021-05-19yBB